000 00763cab a2200241 4500
001 WB3216-34
008 090401t1996 xxu||||| |||| 00| 0 eng d
035 _a(Sirsi) u73992
041 _aeng
245 _aPerils of forfeiture
260 _c1996
350 _a0
490 _aEstates Gazette
_v(9616) 20 April 1996, 114(1)
520 _aConsiders the risks for landlords involved in forfeiture of a lease. Includes examples of cases.
650 _aFORFEITURE OF LEASE
650 _aFORFEITURE
650 _aGS FASHIONS LTD V B&Q PLC
650 _aKINGSTON UPON THAMES RBC V MICHAEL MARLOW
650 _aLEASES
690 _aPROPERTY-RESIDENTIAL PROPERTY-RESIDENTIAL LANDLORD AND TENANT-RESIDENTIAL TENANCIES
942 _n0
948 _c04/03/1997
999 _c46704
_d46704